Our body
| Format: | Book |
|---|---|
| Published: |
London :
Moonlight Publishing ,
1993
|
| Series: | Moonlight first encyclopedia
|
| Subjects: |
MARC
| LEADER | 00000cam a2200000 7i4500 | ||
|---|---|---|---|
| 001 | 0000001322 | ||
| 002 | 000001457 | ||
| 005 | 20060209.0 | ||
| 020 | |a 1851031758 | ||
| 090 | 0 | 0 | |a 030 |b MOO |
| 245 | 0 | 0 | |a Our body |c Chantal Henry-Biabaud |
| 260 | |a London : |b Moonlight Publishing , |c 1993 | ||
| 300 | |a 77p. : |b ill. ; |c 28cm. | ||
| 490 | 0 | |a Moonlight first encyclopedia | |
| 650 | 0 | 0 | |a Human anatomy |x Juvenile literature |
| 999 | |a 032790 |b BUKU |c RUJUKAN |e PERPUSTAKAAN KOMUNITI PETALING JAYA | ||